Histoire de la Russie médiévale et moderne - Statistiques

Statistiques générales
  • Ce quiz a été pris 10 fois
    7 depuis la dernière actualisation
  • Le résultat moyen est 21 sur 61
Statistiques - réponses
Questions Réponses % Correct
Qui est la première régente de Kiev de 945 à 960, veuve du grand-prince Igor Ier (914-945), première dirigeante de cette principauté à se convertir au christianisme et célèbre pour sa vengeance cruelle contre les meurtriers son mari ? Olga de Kiev
83%
A quelle Eglise et/ ou dogme cette principauté reste-t-elle fidèle après le grand schisme de 1054 ? Eglise d'Orient / orthodoxe
67%
De quel empire cette principauté est-elle l'alliée commerciale et militaire ? Empire byzantin
67%
Comment s'appelle l'empire mongol fondé par sa dynastie (les Djötchides), qui contrôle politiquement et administre les principautés russes jusqu'au début du XVIème siècle ? La Horde d'Or
67%
A partir du XIème siècle, quelle principauté du nord se détache progressivement de Kiev et fonde une république en 1136 ? Novgorod
67%
Nom de la dynastie qui règne sur cette principauté jusqu'en 1598, faisant référence au premier prince de Novgorod, Riourik (862-879) ? Riourikides
67%
Comment s'appelle son fils, futur empereur de Russie entre 1801 à 1825, qui est mis au courant d'une conspiration organisée par des officiers qui vise à faire abdiquer son père pour le faire accéder au pouvoir, mais qui tourne mal et mène à l'assassinat de l'empereur, étranglé dans sa chambre parce qu'il résistait ? Alexandre Ier
50%
Quels missionnaires byzantins et frères, surnommés les "Apôtres des Slaves", ont évangélisé les peuples slaves de l'Europe centrale au cours du IXe siècle et ont participé à la mise en écrit des langues slaves, aboutissant par la suite l'alphabet cyrillique (nom tiré d'un des frères) Cyrille et Méthode
50%
Quel grand-prince de Moscou, célèbre pour sa cruauté, a régné de 1533 à 1584 et devient le premier souverain de toutes les Russies ? Ivan IV le Terrible
50%
Quelle région du Nord parvient-il à conquérir ? La Sibérie
50%
Quelle résidence des tsars, située à Moscou, est reconstruite par des architectes italiens à la fin du XVème siècle ? Le Kremlin
50%
Quel système socio-économique découle des premières lois qui restreignent la liberté des paysans russes ? Le servage
50%
Quelle nouvelle dynastie arrive au pouvoir avec le souverain Michel Ier (1615-1645) et perdure jusqu'en 1917 ? Romanov
50%
Principauté slave orientale (IXe- XIIIe siècle) et première entité politique commune aux Etats modernes de Russie, Ukraine et Biélorussie Rus' de Kiev / Rous de Kiev
50%
Quel titre impérial, repris par l'ensemble des souverains russes jusqu'en 1917, prend-il ? Tsar
50%
Peuple viking originaire de Suède qui a fondé cette principauté Varègues
50%
Quel prince de Novgorod du XIIIème siècle est devenu un héros national russe en raison de ses victoires militaires ? Alexandre Nevski
33%
Quelle impératrice russe, ayant régné de 1730 à 1740, était méprisée par sa population, en raison de son caractère plus allemand que russe, sa paresse, son désintérêt pour les affaires publiques qu'elle lègue à son favori germanique von Biron, qui exerce alors les pleins pouvoirs ; aussi connue pour sa collection particulière de nains et d'estropiés et la construction d'une maison de glace pour accueillir une fête durant le rigoureux hiver 1739-1740 ? Anne de Russie
33%
Durant quelle bataille, se déroulant sur un lac glacé en 1242 et mise en scène dans un film d'Eisenstein qui porte le nom de ce héros, ce prince défait-il les chevaliers Teutoniques, mettant fin à leur expansion orientale ? Bataille du lac Peïpous
33%
Quel dirigeant mongol, petit-fils de Gengis Khan, prend la ville de Kiev en 1240 ? Batu Khan / Batou
33%
Quel terme désigne les aristocrates russes, farouches opposants politiques de ce souverain ? Boyards
33%
Qui est sa femme, d'origine germanique et protestante, qui le renverse par un coup d'Etat, le fait exécuter et devient la nouvelle impératrice de Russie, régnant de 1762 à 1796, période durant laquelle l'Empire russe connaît une importante expansion territoriale à l'ouest et au sud ? Catherine II de Russie / Catherine la Grande
33%
Aux côtés de quelle grand groupement de pays européens opposés à la France révolutionnaire, cet empereur se rallie-t-il en 1798 avant de se retirer et de changer de camp en 1800, en se rapprochant de Bonaparte ? Deuxième Coalition
33%
Comment étaient surnommés les usurpateurs qui sont parvenus au pouvoir grâce aux intrigues de cour durant la période du "Temps des troubles" (1598-1613) , en lien avec nom qu'ils portaient, se prétendant être les fils et héritiers de ce souverain ? Faux Dimitri
33%
Citer un des khanats que ce souverain intègre à la grande-principauté de Moscou Khanat de Kazan / Khanat d'Astrakhan
33%
Quel instrument à cordes, facile à produire, est apparu après que le souverain Alexis Ier (1645-1676) ait décrété l'interdiction de tous les instruments de musique ? La balalaïka
33%
Quel territoire est annexé de facto par la Russie après la guerre russo-turque de 1768-1774, lui donnant ainsi un accès sur la mer Noire ? La Crimée
33%
Quel grand conflit européen et mondial a lieu durant son règne, de 1756 à 1763, et durant lequel l'armée russe inflige de lourds dégâts à l'armée prussienne et parvient à assiéger Berlin ? La Guerre de Sept Ans
33%
Quelle fleuve du Nord l'empire russe atteint-il en 1630 ? La Lena
33%
Quelle grande-principauté russe, ayant pour centre Moscou, est la principale rivale de la république de Novgorod et finit par la supplanter ? La Moscovie
33%
Quel pays est partagé à plusieurs reprises (1772, 1793, 1795) entre la Russie et la Prusse durant son règne, mettant fin à la République des Deux Nations ? La Pologne
33%
Quel édifice, résidence officielle des souverains russes jusqu'en 1917, ce souverain fait-il construire dans cette ville, caractérisé par un style architectural européen occidental ? Le Palais d'Hiver
33%
Quelle classe sociale se retrouve être la plus favorisée durant les règnes de ces deux dernières impératrices, au détriment des serfs dont la condition est de plus en plus miséreuse, illustrant un décalage entre leurs volontés modernisatrices, inspirée des pays européens occidentaux et le maintien d'une "russité", d'un archaïsme économique et social ? Les nobles
33%
Contre quel peuple turcique ce souverain se confronte-t-il à de nombreuses reprises au cours de son règne ? Les Tatars
33%
Quel jeune roi français, alors âgé de 7 ans, ce souverain russe de deux mètres aurait-il pris dans ses bras une fois arrivé à sa cour en 1717, oubliant toute forme de protocole ? Louis XV
33%
Quel territoire à l'ouest de la Russie est-il définitivement annexé par l'Empire sous son règne en 1734 ? L'Ukraine
33%
Quel prince issu de ce peuple aurait fondé cette principauté en 882 ? Oleg le Sage
33%
Quel souverain russe passionné par la mer et la marine, ayant régné de 1682 à 1725, est le premier à porter le titre d'empereur de toutes les Russies et figure comme le grand modernisateur de ce pays, le faisant également rentrer dans l'âge de l'absolutisme ? Pierre Ier / Pierre le Grand
33%
Quel empereur russe germanophile rend sans contrepartie les territoires conquis lors de cette guerre à Frédéric II de Prusse, qu'il admire ; il exige que les membres de sa cour portent des uniformes prussiens, que les prêtres orthodoxes (popes) se coupent la barbe et s'habillent comme des pasteurs protestants, retire les icônes des églises et met fin au service militaire perpétuel des nobles, qui ne sont alors plus obligés de servir l'Etat sauf en temps de guerre ? Pierre III
33%
Quelle nouvelle capitale, située sur le delta de la Neva et s'ouvrant sur la mer Baltique, est fondée par le souverain en 1703 ? Saint-Pétersbourg
33%
Quel est le surnom de Moscou, qui devient la capitale du plus puissant Etat indépendant orthodoxe après la chute de Constantinople et qui se réclame héritière de l'Empire romain ? "Troisième Rome"
33%
Quelle expression désignant un trompe-l'oeil à des fins de propagande fait référence à la pratique d'un ministre russe, sans doute inventée, qui voulait prouver à l'impératrice que la Russie était moderne, en construisant de faux villages aux façades luxueuses afin de cacher leur pauvreté lors de ses visites ? Village Potemkine
33%
Qui est le grand-prince de Kiev, surnommé "le Beau Soleil" en raison de son règne prospère (980-1015), premier souverain russe à s'être fait baptiser par le patriarche de Constantinople en 988 et qui a participé à la christianisation de la principauté ? Vladimir Ier le Grand
33%
Avec quel philosophe français, qui la perçoit comme un "monarque éclairé", cette impératrice, grande lectrice, influencée par les idées des Lumières et femme écrivain, entretient-elle une relation épistolaire ? Voltaire
33%
Quelle victoire contre les Suédois en 1240, se déroulant près d'un fleuve, lui vaut son surnom ? Bataille de la Neva ("Nevski")
17%
Quelle dernière impératrice russe de souche règne sur l'Empire de 1741 à 1762, écarte du pouvoir les familles d'origine germanique et contrebalance leur influence par celle de la France ? Elisabeth Ière
17%
Comment s'appelait la police spéciale de ce souverain, qui administre le domaine royal avec cruauté, constituée de cavaliers habillés en noir, avec à leur selle une tête de chien (pour dévorer les coupables de trahison) et un balai (pour nettoyer le pays) ? Opritchnik
17%
Comment s'appelle le domaine sur lequel ce souverain exerce un pouvoir absolu, le reste du territoire étant dévolu aux aristocrates ? Opritchnina
17%
Comment s'appelle l'assemblée fondée en 1549 par ce souverain, signifiant "Congrès de la Terre russe", convoquée par le monarque, le patriarche ou par l'élite aristocratique et composée par la noblesse, le clergé orthodoxe et les représentants des négociants et citadins, ayant pour but de discuter et de ratifier des décisions politiques ou législatives ? Zemski Sobor
17%
Cette impératrice cultivée, francophile et mécène fonde une nouvelle académie russe en 1764, laquelle ? L'Académie impériale des Beaux-Arts
17%
Comment s'appelle la mission diplomatique et éducative menée par ce souverain entre 1697 et 1698, qui consiste à voyager dans plusieurs pays européens afin de nouer des des alliances contre l'Empire ottoman mais également de s'inspirer de la culture occidentale pour moderniser la Russie ? La Grande Ambassade
17%
Quelle longue guerre oppose l'Empire russe à l'Empire suédois de Charles XII, entre 1700 et 1721, durant laquelle ont lieu la défaite de Narva (1700) et la victoire de Poltava (1709) ? La Grande Guerre du Nord
17%
A quelle curieuse passion Michel Ier était-il dévoué ? L'horlogerie
17%
Quel fils de cette impératrice, qu'elle méprise et qui refuse qu'il monte sur le trône, arrive au pouvoir après avoir brûlé les documents de succession et devient empereur de Russie entre 1796 et 1801 ? Paul Ier
17%
Quel est le dieu de l'orage et du tonnerre dans la mythologie slave, culte adopté dans cette principauté sous le règne du prince Sviatoslav Ier (945-972) ? Péroun / Péroune / Perun
17%
Quel peuple nomade turcophone menace cette principauté depuis 915 ? Petchénègues
17%
Quelle loi de succession au trône rétablit-il en 1797, mettant fin au libre choix du monarque régnant pour désigner son successeur (coutume en vigueur depuis 1682) ? Primogéniture mâle
17%
Ce souverain est célèbre pour avoir causé la mort d'un membre de sa famille en le frappant de son sceptre, lequel ? Son fils
17%
Par quel traité de 1721, qui met fin à cette guerre, la Suède cède-t-elle les duchés d'Estonie et de Livonie à l'Empire russe, lui permettant ainsi d'accéder à la mer ainsi qu'au premier rang des puissances européennes ? Traité de Nystad
17%
Comment se qualifiait lui-même ce nouvel empereur, souhaitant marquer une rupture avec la politique de sa mère envers qui il était animé d'une profonde rancune, en favorisant les serfs plutôt que les aristocrates (limitation de la corvée paysanne, interdit de forcer les serfs à travailler le dimanche...) ? "Tsar des paysans"
17%
Comment s'appelle la révolte à Moscou qui interrompt cette mission en 1698, organisée par la garde impériale russe qui refuse les idées modernisatrices du souverain ou bien qui conteste les rigueurs du service militaire ? La révolte des streltsy
0%
Aucun quiz correspondant
Distribution des résultats
% des personnes avec chaque résultat
Percentile par nombre de réponses
Votre historique - résultats
Vous n’avez pas pris ce quiz depuis la dernière actualisation